Disney paroles : Bienvenue - Frère des ours - Statistiques

Statistiques générales
  • Ce quiz a été pris 102 fois
  • Le résultat moyen est 188 sur 257
Statistiques - réponses
Réponse % Correct
à
96%
bienvenue
92%
le
92%
je
88%
nous
88%
dans
86%
ce
84%
et
84%
la
84%
84%
est
82%
monde
82%
que
82%
amis
80%
de
80%
il
80%
ne
80%
c'est
78%
plus
78%
toi
78%
Tout
78%
tout
78%
en
76%
frère
76%
pour
76%
tous
76%
alors
74%
animal
74%
beau
74%
Heureux
74%
me
74%
qui
74%
respectons
74%
vie
74%
des
72%
familial
72%
moi
72%
partager
72%
qu'on
72%
rien
72%
tu
72%
ainsi
70%
clan
70%
donner
70%
invité
70%
notre
70%
une
70%
vit
70%
normal
68%
pouvoir
68%
viens
68%
y
68%
aidons
66%
j'ai
66%
nos
66%
nouveaux
66%
peux
66%
recevoir
66%
sais
66%
s'rai
66%
venez
66%
bel
64%
égal
64%
famille
64%
festival
64%
idéal
64%
n'est
64%
sans
64%
s'ras
64%
trouve
64%
bonheur
62%
ceux
62%
croire
62%
eux
62%
pu
62%
ses
62%
uni
62%
crois
60%
endroit
60%
lien
60%
miens
60%
ont
60%
vois
60%
l'amour
58%
pense
58%
pourtant
58%
quittés
58%
souviens
58%
tes
58%
revoir
56%
visiter
56%
chers
54%
coeurs
54%
d'où
54%
êtres
54%
l'avenir
54%
paisible
54%
n'a
52%
passé
52%
personne
52%
quand
52%
compris
50%
fais
48%
raconte
48%
jamais
46%
joie
46%
prévois
46%
rire
46%
cette
44%
célébrons
42%
blagues
40%
n'oublies
40%
moment
36%
connu
30%
d'ce
10%
Aucun quiz correspondant
Distribution des résultats
% des personnes avec chaque résultat
Percentile par nombre de réponses
Votre historique - résultats
Vous n’avez pas pris ce quiz